LEADER 01161nam a2200253 u 4500 001 000000107884 003 CaOOAMICUS 005 20071029115450.0 008 071029s1958 it u000 u ita u 040 $aPUL$bita$dBc 041 0 $aita 100 1 $aPezzana, Aldo.$0(OLS)http://pul/name/66171 245 10$aContributi allo studio del legato "sinendi modo" /$cAldo Pezzana. 260 $aMilano :$bA. Giuffrè,$c1954. 300 $aiv, 100 p. ;$c25 cm. 490 1 $aPubblicazioni dell'Istituto di diritto romano e dei diritti dell'Oriente mediterraneo ;$v35 650 4$aDiritto romano$xStoria$xFonti.$0(OLS)http://pul/subject/1688 830 0$aPubblicazioni dell'Istituto di diritto romano e dei diritti dell'Oriente mediterraneo ;$v35.$0(OLS)http://pul/title/1482 850 $aPUL 852 $aPUL$W1$xDP2 Diritto e Scienze Sociali 1$y65$m187 H 95$j122720$qStampati$B121704$CPULBib$Z2$F121704 $H68065 $82 941 1 $a8 961 $aDono Gabrio Lombardi. 996 $6245$aContributi allo studio del legato "sinendi modo"$9(OLS)http://pul/title/135846 996 $6260$aMilano :$bA. Giuffrè$9(OLS)http://pul/publisher/48096 LEADER 01486nam a2200289 u 4500 001 000000087066 003 CaOOAMICUS 005 20070226124351.0 008 051007s2004 it u000 u ita u 020 $a8849508123 035 $a11062467 040 $aPUL$bita 100 1 $aPerlingieri, Pietro,$d1937-$0(OLS)http://pul/name/29045 245 10$aFonti e tecniche legislative per un diritto contrattuale europeo /$ca cura di Pietro Perlingieri e Felice Casucci. 260 $a[Napoli] :$bEdizioni scientifiche italiane,$c2004. 300 $a252 p. ;$c24 cm 490 1 $aPubblicazioni della facoltà di economia Università degli Studi del Sannio-Benevento.$aSezione giuridico-sociale ;$v12 504 $aBibliografia in nota. 650 4$aDiritto europeo.$0(OLS)http://pul/subject/6492 700 1 $aCasucci, Felice.$0(OLS)http://pul/name/56855 830 0$aPubblicazioni della facoltà di economia Università degli Studi del Sannio-Benevento.$pSezione giuridico-sociale ;$v12.$0(OLS)http://pul/title/112724 850 $aPUL 852 $aPUL$W1$xSL Diritto e Scienze Sociali 3$y79$m346. 4 PERPI 1$j110452$nBK-PRI$b $qDDC 21$B110452$CPULBib$Z2$F110452 $HPUL99227 $81 941 1 $a9 996 $6020$a8849508123$9(OLS)http://pul/number/114781 996 $6245$aFonti e tecniche legislative per un diritto contrattuale europeo$9(OLS)http://pul/title/112723 996 $6260$a[Napoli] :$bEdizioni scientifiche italiane$9(OLS)http://pul/publisher/51167